00385nam a2200145Ia 4500008004100000020001500041041001200056082002400068100002500092245004000117260003300157300001700190400002100207650001100228231217s9999 xx 000 0 und d a8178812282 aEnglish a338.27421 JAN;1 R aJanardhan Rao, N ed. 0aSilver : prospects and perspectives c2003bICFAI PressaHyderabad avii, 199+A10 aCommodity series aSilver